000 00511nam a2200157Ia 4500
008 100204s9999 xx 000 0 und d
082 _b26189
100 _aकिडवाई रशिद
245 _aसोनिया गांधी
260 _b"चिनार पब्लिशर्स , पुणे"
_c2004
300 _a224
630 _aसोनिया गांधी
700 _aठाकूर अजित
730 _aसोनिया गांधी
942 _cBOOK
999 _c471368
_d471365